|
|
|
|
| LEADER |
00000nam a2200000Ia 4500 |
| 008 |
171113b2002 cr ||||| |||| 00| | spa d |
| 999 |
|
|
|c 1463
|d 1463
|
| 090 |
|
|
|a 06.02.01
|b 1645
|
| 100 |
1 |
|
|a Tomasevski, Katarina
|9 3276
|
| 245 |
1 |
0 |
|a Contenido y vigencia del derecho a la educación /
|c Katarina Tomasevski
|
| 260 |
|
|
|a San José, Costa Rica :
|b IIDH,
|c 2002
|
| 300 |
|
|
|a 19 páginas
|
| 490 |
|
|
|a Cuadernos Pedagógicos,
|v no.1
|
| 500 |
|
|
|a Este documento está tambien en: CD #31 XX curso interdisciplinario en derechos humanos
|
| 650 |
1 |
4 |
|a EDUCACIÓN
|9 1
|
| 650 |
1 |
4 |
|a DERECHOS HUMANOS
|9 588
|
| 942 |
|
|
|i 003403
|h 06.02.01 1645
|2 z
|c 01
|